000
00339nam a2200133Ia 4500
008
151001s9999||||xx |||||||||||||| ||und||
100
_a
कपिल सिब्बल
245
_a
किस किस जय हो
250
_a
1
260
_b
पेगुईन बुक्स
260
_c
2011
300
_a
148
365
_b
21
999
_c
999444
_d
999441